[Event "SR 1. liga zapad 2015/2016"]
[Site "?"]
[Date "2015.10.24"]
[Round "1.6"]
[White "Spacek, Oliver"]
[Black "Pytlik, Pavol"]
[Result "1-0"]
[WhiteElo "2104"]
[BlackElo "2094"]
[PlyCount "67"]
[EventDate "2015.??.??"]

1. d4 Nf6 2. Nf3 g6 3. Bf4 d6 4. Nbd2 Bg7 5. h3 O-O 6. e3 Nbd7 7. Bc4 c6 8. a4
Nb6 9. Bb3 Nbd5 10. Bh2 b5 11. e4 Nc7 12. O-O a6 13. Qe2 Bb7 14. e5 Nfe8 15. c4
e6 16. Rfc1 Bh6 17. Rd1 Qe7 18. exd6 Nxd6 19. c5 Nde8 20. Ne4 Nd5 21. Nd6 Nef6
22. Ne5 Nf4 23. Qe3 g5 24. Bxf4 gxf4 25. Qf3 Nd5 26. Qg4+ Kh8 27. Qh5 f6 28.
Nef7+ Rxf7 29. Nxf7+ Kg7 30. Nxh6 f5 31. Bxd5 cxd5 32. axb5 axb5 33. Rxa8 Bxa8
34. Ra1 1-0

[Event "SR 1. liga zapad 2015/2016"]
[Site "?"]
[Date "2015.10.24"]
[Round "1.6"]
[White "Meszaros, Norbert"]
[Black "Bury, Rastislav"]
[Result "0-1"]
[WhiteElo "2060"]
[BlackElo "2119"]
[PlyCount "60"]
[EventDate "2015.??.??"]

1. d4 Nf6 2. c4 e6 3. Nc3 d5 4. Bg5 c6 5. a3 dxc4 6. e4 b5 7. Nf3 Be7 8. Be2
Bb7 9. O-O Nbd7 10. Qc2 O-O 11. Rad1 h6 12. Bh4 Nh5 13. Bxe7 Qxe7 14. Ne1 Nf4
15. Bf3 e5 16. d5 Nc5 17. dxc6 Bxc6 18. Nd5 Bxd5 19. exd5 e4 20. Be2 Rad8 21.
g3 Nfd3 22. Ng2 Rxd5 23. Bxd3 exd3 24. Qd2 Nb3 25. Qf4 Qe5 26. Qg4 Qxb2 27. Ne3
Rg5 28. Qd7 Qd4 29. Qc7 Qc5 30. Qd7 Nd4 0-1

[Event "SR 1. liga zapad 2015/2016"]
[Site "?"]
[Date "2015.10.25"]
[Round "2.1"]
[White "Certek, Pavel"]
[Black "Mihok, Oliver"]
[Result "1/2-1/2"]
[WhiteElo "2264"]
[BlackElo "2510"]
[PlyCount "97"]
[EventDate "2015.??.??"]

1. d4 d5 2. c4 e6 3. Nf3 Nf6 4. e3 c6 5. Nbd2 Nbd7 6. Bd3 Be7 7. O-O O-O 8. b3
b6 9. e4 dxe4 10. Nxe4 Bb7 11. Bf4 c5 12. d5 exd5 13. Ng3 d4 14. Nf5 Re8 15. h3
Bf8 16. Re1 Rxe1+ 17. Qxe1 Qe8 18. Qd2 Bxf3 19. gxf3 Ne5 20. Bxe5 Qxe5 21. Re1
Qc7 22. Qg5 Re8 23. Rxe8 Nxe8 24. Nh6+ Kh8 25. Qf5 g6 26. Qxf7 Qxf7 27. Nxf7+
Kg7 28. Ng5 Bd6 29. h4 Nc7 30. Kg2 Be5 31. Be4 h6 32. Nh3 Ne6 33. f4 Nxf4+ 34.
Nxf4 Bxf4 35. Kf3 Bd2 36. Ke2 Bc1 37. Kf3 h5 38. Kg3 g5 39. hxg5 Bxg5 40. f4
Bf6 41. Bd3 Kf7 42. Be2 h4+ 43. Kg4 Ke6 44. Bf1 Bd8 45. Kf3 Kd6 46. Ke4 Ke6 47.
Kf3 Bc7 48. Kg4 Bd8 49. Kf3 1/2-1/2

[Event "SR 1. liga zapad 2015/2016"]
[Site "?"]
[Date "2015.10.25"]
[Round "2.1"]
[White "Petenyi, Tamas"]
[Black "Havlicek, Libor Ml"]
[Result "1-0"]
[WhiteElo "2462"]
[BlackElo "2264"]
[PlyCount "77"]
[EventDate "2015.??.??"]

1. e4 c5 2. b3 d5 3. exd5 Qxd5 4. Nc3 Qd8 5. Bb2 Nf6 6. Nf3 e6 7. Bb5+ Bd7 8.
Qe2 a6 9. Bxd7+ Nbxd7 10. O-O-O Be7 11. g4 Qc7 12. g5 Nh5 13. d4 O-O 14. d5 Nf4
15. Qe4 exd5 16. Rxd5 Nb6 17. Re5 Ng6 18. Nd5 Nxd5 19. Rxd5 Rad8 20. Rhd1 Rxd5
21. Rxd5 Rd8 22. Rxd8+ Bxd8 23. Kb1 Qe7 24. Qf5 Qd6 25. a3 Ne7 26. Qe4 Qd5 27.
Qe3 Kf8 28. Ne5 Bc7 29. Qxc5 Bd6 30. Qc3 Qd1+ 31. Ka2 Bxe5 32. Qxe5 Qxc2 33.
Qxg7+ Ke8 34. h4 Qf5 35. h5 Nd5 36. g6 fxg6 37. Qg8+ Kd7 38. Qxh7+ Ne7 39. h6
1-0

[Event "SR 1. liga zapad 2015/2016"]
[Site "?"]
[Date "2015.10.25"]
[Round "2.1"]
[White "Hacik, Radomir"]
[Black "Vass, Frantisek Ml"]
[Result "0-1"]
[WhiteElo "2213"]
[BlackElo "2300"]
[PlyCount "86"]
[EventDate "2015.??.??"]

1. c4 c6 2. Nf3 d5 3. e3 e6 4. b3 Nf6 5. Bb2 Nbd7 6. Be2 Be7 7. O-O O-O 8. Nc3
a6 9. d4 b5 10. Ne5 Nxe5 11. dxe5 Nd7 12. cxd5 cxd5 13. e4 b4 14. Na4 dxe4 15.
Qd4 Bb7 16. Rfd1 Bd5 17. Bc4 Bc6 18. Qe3 Qa5 19. Qf4 Rfd8 20. Bd4 h6 21. h4
Rac8 22. Rac1 Bxa4 23. bxa4 Qxa4 24. Bb3 Qb5 25. Qxe4 Nf8 26. h5 a5 27. Be3
Rxd1+ 28. Bxd1 Rxc1 29. Bxc1 a4 30. Qe2 Qxe2 31. Bxe2 Nd7 32. f4 Bc5+ 33. Kf1
Nb6 34. Bd1 Bd4 35. Ke2 Ba1 36. Kd3 f6 37. exf6 Bxf6 38. Be3 b3 39. a3 Nd5 40.
Bd2 Be7 41. Kc4 Bxa3 42. Kb5 Bc1 43. Bb4 Ne3 0-1

[Event "SR 1. liga zapad 2015/2016"]
[Site "?"]
[Date "2015.10.25"]
[Round "2.1"]
[White "Maros, Milan"]
[Black "Sosovicka, Juraj"]
[Result "1/2-1/2"]
[WhiteElo "2337"]
[BlackElo "2210"]
[PlyCount "100"]
[EventDate "2015.??.??"]

1. e4 e5 2. Nf3 Nc6 3. d4 exd4 4. Nxd4 Nf6 5. Nxc6 bxc6 6. e5 Qe7 7. Qe2 Nd5 8.
c4 Ba6 9. b3 Nb6 10. Bb2 d5 11. exd6 Qxe2+ 12. Bxe2 cxd6 13. Bf3 Kd7 14. O-O
Rb8 15. Bd4 c5 16. Be3 Bb7 17. Bxb7 Rxb7 18. Nc3 Be7 19. Rad1 Kc6 20. Rd3 Rd8
21. Rfd1 Rbd7 22. Nd5 Nxd5 23. Rxd5 Bf6 24. Kf1 g6 25. Ke2 Re8 26. Kf3 Re5 27.
g4 a6 28. h3 Rxd5 29. Rxd5 Re7 30. Rd3 Rd7 31. Rd5 Re7 32. Rd1 Rd7 33. Ke4 Re7+
34. Kf3 Rd7 35. Ke4 Re7+ 36. Kd3 d5 37. cxd5+ Kxd5 38. Rc1 Rc7 39. Rc4 Rc6 40.
Re4 Re6 41. Rc4 Rc6 42. Rf4 Re6 43. Rf3 Rd6 44. Kc2 Ke4 45. Rf4+ Kd5 46. Kd3
Bg5 47. Ra4 Bd8 48. Rc4 Rc6 49. Re4 Re6 50. Rc4 Rc6 1/2-1/2

[Event "SR 1. liga zapad 2015/2016"]
[Site "?"]
[Date "2015.10.25"]
[Round "2.1"]
[White "Castiglione, Mario"]
[Black "Ondrus, Martin"]
[Result "1-0"]
[WhiteElo "2203"]
[BlackElo "2317"]
[PlyCount "55"]
[EventDate "2015.??.??"]

1. e4 c5 2. d4 cxd4 3. c3 Nf6 4. e5 Nd5 5. Nf3 Nc6 6. Bc4 Nb6 7. Bb3 d5 8. exd6
e6 9. Bg5 Qxd6 10. cxd4 Be7 11. h4 h6 12. Be3 Nd5 13. O-O O-O 14. Nbd2 b6 15.
Nc4 Qd8 16. Rc1 Bb7 17. Qd2 b5 18. Nce5 Nxe5 19. dxe5 Nxe3 20. Qxe3 Rc8 21. Nd4
Qb6 22. Rxc8 Rxc8 23. Nxe6 Bxh4 24. Qf4 Qc6 25. Qg4 g5 26. Nd4 Qc5 27. e6 h5
28. exf7+ 1-0

[Event "SR 1. liga zapad 2015/2016"]
[Site "?"]
[Date "2015.10.25"]
[Round "2.1"]
[White "Kalisky, Vladimir"]
[Black "Kovac, Andrej"]
[Result "1-0"]
[WhiteElo "2275"]
[BlackElo "2181"]
[PlyCount "51"]
[EventDate "2015.??.??"]

1. e4 e5 2. Nf3 Nc6 3. Bb5 f5 4. d3 fxe4 5. dxe4 Nf6 6. O-O Bc5 7. Qd3 d6 8.
Be3 Bb6 9. Nbd2 Bg4 10. a4 O-O 11. Qc4+ Kh8 12. Bxc6 bxc6 13. Qxc6 Rb8 14. a5
Bxe3 15. fxe3 Rxb2 16. Nb3 Bxf3 17. Rxf3 Qe8 18. Qc3 Rxb3 19. cxb3 Nxe4 20. Qc6
Ng5 21. Rxf8+ Qxf8 22. Rf1 Qg8 23. Qxc7 h6 24. h4 Ne4 25. Qf7 Nd2 26. b4 1-0

[Event "SR 1. liga zapad 2015/2016"]
[Site "?"]
[Date "2015.10.25"]
[Round "2.1"]
[White "Privara, Igor"]
[Black "Gorusa, Miroslav"]
[Result "1-0"]
[WhiteElo "2167"]
[BlackElo "2167"]
[PlyCount "45"]
[EventDate "2015.??.??"]

1. e4 e5 2. Nf3 Nc6 3. Nc3 Nf6 4. g3 Bb4 5. Bg2 O-O 6. O-O Re8 7. d3 h6 8. Nh4
d6 9. Kh1 Bg4 10. f3 Be6 11. f4 exf4 12. gxf4 Nxe4 13. Bxe4 Qxh4 14. f5 Bxc3
15. fxe6 Bf6 16. Rf4 Qg5 17. Rf5 Qh4 18. Bf4 Nd4 19. Bg3 Qh3 20. exf7+ Kxf7 21.
Rf2 Rxe4 22. dxe4 Re8 23. Qxd4 1-0

[Event "SR 1. liga zapad 2015/2016"]
[Site "?"]
[Date "2015.10.25"]
[Round "2.1"]
[White "Horvath, Marian"]
[Black "Cambel, Vladimir"]
[Result "1/2-1/2"]
[WhiteElo "2161"]
[BlackElo "2053"]
[PlyCount "50"]
[EventDate "2015.??.??"]

1. c4 Nf6 2. Nc3 c5 3. g3 g6 4. Bg2 Bg7 5. e3 O-O 6. Nge2 Nc6 7. O-O d6 8. b3
Bf5 9. d3 Qd7 10. Bb2 e5 11. Nd5 Bh3 12. Nxf6+ Bxf6 13. Nc3 Bxg2 14. Kxg2 Ne7
15. e4 Bg7 16. Qe2 f5 17. f3 f4 18. g4 Bf6 19. Rg1 h5 20. Kh1 hxg4 21. Rxg4 Kf7
22. Rag1 Rh8 23. R1g2 Rh6 24. Kg1 Rah8 25. a3 Rh4 1/2-1/2

[Event "SR 1. liga zapad 2015/2016"]
[Site "?"]
[Date "2015.10.25"]
[Round "2.2"]
[White "Zetocha, Claudiu"]
[Black "Pacher, Milan"]
[Result "0-1"]
[WhiteElo "2322"]
[BlackElo "2471"]
[PlyCount "148"]
[EventDate "2015.??.??"]

1. e4 c6 2. d4 d5 3. exd5 cxd5 4. Bd3 Nc6 5. c3 Qc7 6. Nd2 Nf6 7. Qb3 Bg4 8. h3
Bh5 9. g4 Bg6 10. Bxg6 hxg6 11. g5 Nh5 12. Qxd5 e5 13. Ne2 exd4 14. cxd4 Be7
15. Nf3 Nb4 16. Qb5+ Kf8 17. Kf1 Rd8 18. Bd2 a6 19. Qa4 Nd5 20. Rc1 Qd6 21. Qb3
Qe6 22. Qd3 Bd6 23. Re1 Qd7 24. Qe4 Qb5 25. Kg1 Nc7 26. Nc3 Qxb2 27. Rb1 Qa3
28. Rxb7 Kg8 29. Kg2 Ne6 30. Ne2 Qxa2 31. Rhb1 Qc4 32. Kg1 Nc5 33. Qc6 Qxe2 34.
dxc5 Bxc5 35. Qxc5 Qxf3 36. Qe3 Qd5 37. R1b2 Nf4 38. Qxf4 Rxh3 39. Qxf7+ Qxf7
40. Rxf7 Kxf7 41. Rb7+ Ke6 42. Be3 Ra8 43. Rxg7 Kf5 44. Rf7+ Ke4 45. Rf6 a5 46.
Rf4+ Kd3 47. Ra4 Rxe3 48. fxe3 Kxe3 49. Kf1 Kd3 50. Ke1 Re8+ 51. Kf2 Re5 52.
Rg4 Re4 53. Rg3+ Kc2 54. Kf3 Rc4 55. Ke2 a4 56. Re3 Rc5 57. Re6 Rxg5 58. Rc6+
Kb3 59. Rb6+ Kc4 60. Ra6 Kb4 61. Kd2 Rd5+ 62. Kc2 g5 63. Rb6+ Rb5 64. Re6 Rd5
65. Rb6+ Kc5 66. Ra6 Kb5 67. Rg6 Rc5+ 68. Kb2 Kb4 69. Rb6+ Rb5 70. Re6 Kc4+ 71.
Kc2 Kd4 72. Ra6 Ke3 73. Rxa4 Rd5 74. Ra6 Kf3 0-1

[Event "SR 1. liga zapad 2015/2016"]
[Site "?"]
[Date "2015.10.25"]
[Round "2.2"]
[White "Timoscenko, Gennadij"]
[Black "Ruckschloss, Karol"]
[Result "0-1"]
[WhiteElo "2468"]
[BlackElo "2258"]
[PlyCount "64"]
[EventDate "2015.??.??"]

1. d4 f5 2. g3 Nf6 3. Bg2 g6 4. c4 Bg7 5. Nf3 d6 6. O-O O-O 7. Nc3 c6 8. d5 e5
9. dxe6 Bxe6 10. Qd3 Ng4 11. Ng5 Qd7 12. b3 Na6 13. Bb2 Ne5 14. Qd2 Nc5 15.
Rad1 Rad8 16. e3 a5 17. Qc2 h6 18. Nxe6 Nxe6 19. h3 g5 20. f4 Ng6 21. fxg5 Nxg5
22. h4 Ne6 23. Rxf5 Be5 24. Bh3 Qg7 25. Rxe5 Nxe5 26. Bxe6+ Kh8 27. Ne2 Rf3 28.
Qe4 Rdf8 29. Bg4 R3f6 30. Bxe5 dxe5 31. Rd7 Qg6 32. Qxg6 Rf1+ 0-1

[Event "SR 1. liga zapad 2015/2016"]
[Site "?"]
[Date "2015.10.25"]
[Round "2.2"]
[White "Janos, Martin"]
[Black "Chovan, Milan Ml"]
[Result "1/2-1/2"]
[WhiteElo "2269"]
[BlackElo "2256"]
[PlyCount "139"]
[EventDate "2015.??.??"]

1. e4 c5 2. d4 cxd4 3. Nf3 d6 4. Nxd4 Nf6 5. Bd3 a6 6. c4 e6 7. Nc3 Be7 8. Be3
Nbd7 9. O-O O-O 10. Kh1 Qc7 11. f4 b6 12. Rc1 Bb7 13. Qf3 Rac8 14. b4 Qb8 15.
Qe2 Rfd8 16. Bd2 Bf8 17. a3 g6 18. f5 Re8 19. fxg6 fxg6 20. Nf3 Bg7 21. Bb1 d5
22. cxd5 exd5 23. Ba2 Rxc3 24. Rxc3 Nxe4 25. Re3 Ndf6 26. Ng5 Kh8 27. Nxe4 Nxe4
28. Qd3 Rf8 29. Ref3 Rxf3 30. gxf3 Nxd2 31. Qxd2 d4 32. Qe2 Qf4 33. Bb1 Be5 34.
Be4 Bc8 35. Re1 Bd6 36. Rd1 Be5 37. Qd2 Qh4 38. f4 Bh3 39. Bf3 Bf6 40. Re1 Bf5
41. Be4 Bxe4+ 42. Rxe4 Qh3 43. Qf2 Qxa3 44. f5 Qxb4 45. fxg6 Qb1+ 46. Re1 Qxg6
47. Qf3 h6 48. Rg1 Qf7 49. h4 Qe7 50. Qa8+ Qd8 51. Qc6 Bg7 52. Qe4 d3 53. Rd1
Qd4 54. Qxd4 Bxd4 55. Rxd3 Bf2 56. h5 Kg7 57. Kg2 Bc5 58. Rg3+ Kh7 59. Kf3 a5
60. Ke4 a4 61. Kd5 a3 62. Rf3 Kg7 63. Ke6 b5 64. Rf5 Bd4 65. Rxb5 a2 66. Rb7+
Kg8 67. Rb8+ Kh7 68. Rb7+ Bg7 69. Ra7 a1=Q 70. Rxa1 1/2-1/2

[Event "SR 1. liga zapad 2015/2016"]
[Site "?"]
[Date "2015.10.25"]
[Round "2.2"]
[White "Briestensky, Rastislav St"]
[Black "Travenec, Igor"]
[Result "1-0"]
[WhiteElo "2318"]
[BlackElo "2218"]
[PlyCount "103"]
[EventDate "2015.??.??"]

1. e4 e6 2. f4 d5 3. e5 c5 4. Nf3 Nc6 5. Bb5 Bd7 6. a4 a6 7. Be2 Nge7 8. O-O
Nf5 9. c3 d4 10. g4 Nh4 11. d3 Nxf3+ 12. Bxf3 Qc7 13. Nd2 Be7 14. Nc4 O-O 15.
a5 Rad8 16. Qe2 dxc3 17. bxc3 f6 18. exf6 Bxf6 19. Bd2 g6 20. Rfe1 Bc8 21. Bg2
Bh4 22. Rf1 Bf6 23. Be4 Ne7 24. Nb6 Nd5 25. Nxc8 Qxc8 26. Ra3 Bg7 27. c4 Nb4
28. Qg2 Rd7 29. Kh1 Kh8 30. Rb1 Qd8 31. Qh3 Kg8 32. Rf1 Re7 33. Qg2 Rd7 34. Qh3
Re7 35. Ra4 Ref7 36. Ra3 Qd6 37. Kg2 Bb2 38. Rb3 Bg7 39. Rbb1 Rd7 40. Rf3 Nc2
41. Rb6 Qe7 42. Rf1 Nd4 43. Kh1 Rf7 44. Qg2 Bh6 45. Be3 Qf8 46. Bxd4 cxd4 47.
f5 gxf5 48. gxf5+ Rg7 49. fxe6 Qd8 50. Qh3 Be3 51. exd7 Qg5 52. Bd5+ 1-0

[Event "SR 1. liga zapad 2015/2016"]
[Site "?"]
[Date "2015.10.25"]
[Round "2.2"]
[White "Janos, Jozef"]
[Black "Banas, Jan"]
[Result "1-0"]
[WhiteElo "2133"]
[BlackElo "2275"]
[PlyCount "65"]
[EventDate "2015.??.??"]

1. e4 c5 2. d3 Nc6 3. Nf3 g6 4. Be3 Bg7 5. c3 d6 6. Nbd2 Nf6 7. h3 O-O 8. Be2
b5 9. O-O b4 10. d4 bxc3 11. bxc3 cxd4 12. cxd4 d5 13. e5 Ne4 14. Qc2 Nxd2 15.
Nxd2 Qb6 16. Nb3 Bf5 17. Qd2 Rfc8 18. Rfc1 Rab8 19. g4 Bd7 20. Nc5 Be8 21. Kg2
e6 22. Ba6 Rc7 23. Rab1 Qxb1 24. Rxb1 Rxb1 25. Nb3 f6 26. Bd3 Rxb3 27. axb3
fxe5 28. dxe5 Nxe5 29. Be2 Rb7 30. Qa2 Nf7 31. Bxa7 e5 32. Bc5 e4 33. Qa8 1-0

[Event "SR 1. liga zapad 2015/2016"]
[Site "?"]
[Date "2015.10.25"]
[Round "2.2"]
[White "Martiska, Peter"]
[Black "Mikulas, Dusan"]
[Result "1-0"]
[WhiteElo "2245"]
[BlackElo "2079"]
[PlyCount "116"]
[EventDate "2015.??.??"]

1. e4 c5 2. Nf3 d6 3. d4 cxd4 4. Nxd4 Nf6 5. Nc3 a6 6. f3 e5 7. Nb3 Be6 8. Be3
h5 9. Qd2 Nbd7 10. O-O-O Rc8 11. Kb1 Be7 12. h3 Qc7 13. Be2 b5 14. Rc1 Bc4 15.
g4 Nb6 16. g5 Nfd7 17. h4 Bxe2 18. Qxe2 Qc4 19. Qxc4 Nxc4 20. Bf2 Ndb6 21. Bxb6
Nxb6 22. Rcd1 O-O 23. Nc1 g6 24. Nd3 Rc4 25. a3 Rfc8 26. Nb4 a5 27. Nbd5 Nxd5
28. Nxd5 Bd8 29. Rh2 R4c6 30. Rhd2 Kf8 31. Rf1 Ke8 32. f4 Rc4 33. Re2 Rb8 34.
c3 Rc6 35. f5 gxf5 36. Rxf5 Rc4 37. b3 Rc6 38. Ref2 Rb7 39. Kb2 Rc8 40. R2f3 a4
41. g6 fxg6 42. Rf8+ Kd7 43. R3f7+ Kc6 44. Ne7+ Rxe7 45. Rxe7 Bxe7 46. Rxc8+
Kd7 47. Rg8 Bxh4 48. Rxg6 Be7 49. b4 h4 50. c4 bxc4 51. Kc3 Ke8 52. b5 Kd7 53.
Rh6 d5 54. exd5 Bxa3 55. Rxh4 Bd6 56. Rxc4 a3 57. Kb3 Kd8 58. b6 Kd7 1-0

[Event "SR 1. liga zapad 2015/2016"]
[Site "?"]
[Date "2015.10.25"]
[Round "2.2"]
[White "Sulek, Viliam"]
[Black "Holeva, Marek"]
[Result "1-0"]
[WhiteElo "2044"]
[BlackElo "2094"]
[PlyCount "53"]
[EventDate "2015.??.??"]

1. e4 g6 2. d4 Bg7 3. Nc3 d6 4. g3 Nf6 5. Bg2 O-O 6. Nge2 c6 7. O-O Nbd7 8. h3
Qc7 9. Be3 e5 10. Qd2 Re8 11. Rad1 Bf8 12. f4 exd4 13. Bxd4 Be7 14. g4 a6 15.
Ng3 Nc5 16. f5 d5 17. e5 Nfd7 18. Rde1 Bf8 19. Qf4 Nb6 20. Qf2 Nca4 21. e6 fxe6
22. fxg6 hxg6 23. Nxa4 Nxa4 24. b3 Bc5 25. bxa4 Bxd4 26. Qxd4 Qxg3 27. Qf6 1-0

[Event "SR 1. liga zapad 2015/2016"]
[Site "?"]
[Date "2015.10.25"]
[Round "2.2"]
[White "Briestenska, Andrea"]
[Black "Zetocha, Adrian"]
[Result "1/2-1/2"]
[WhiteElo "1978"]
[BlackElo "1726"]
[PlyCount "96"]
[EventDate "2015.??.??"]

1. f4 g6 2. Nf3 Bg7 3. e4 c5 4. Nc3 Nc6 5. Bb5 d6 6. Bxc6+ bxc6 7. Qe2 Nf6 8.
b3 O-O 9. Bb2 Qa5 10. Na4 Ba6 11. c4 Nh5 12. g3 Bxb2 13. Nxb2 f6 14. O-O e5 15.
Nh4 Ng7 16. f5 g5 17. Ng2 Bc8 18. Ne3 Bd7 19. Qd3 Qc7 20. Na4 h5 21. Rfb1 Kf7
22. a3 Rab8 23. Nc3 a5 24. Rb2 Rg8 25. Rab1 h4 26. g4 Rgd8 27. Na2 Ra8 28. b4
axb4 29. axb4 cxb4 30. Nxb4 Ra7 31. c5 dxc5 32. Qc4+ Kf8 33. Na6 Qd6 34. Nxc5
Rda8 35. Nxd7+ Rxd7 36. Rc2 Ne8 37. Rbc1 Ra3 38. Kf2 Rd3 39. Nf1 Qd4+ 40. Qxd4
R7xd4 41. Rc4 Nd6 42. Rxd4 Rxd4 43. Rxc6 Nxe4+ 44. Ke2 Ke7 45. Re6+ Kf7 46. Rc6
Ke7 47. Re6+ Kf7 48. Rc6 Ke7 1/2-1/2

[Event "SR 1. liga zapad 2015/2016"]
[Site "?"]
[Date "2015.10.25"]
[Round "2.3"]
[White "Motuz, Karol"]
[Black "Dobrotka, Martin"]
[Result "1/2-1/2"]
[WhiteElo "2343"]
[BlackElo "2183"]
[PlyCount "112"]
[EventDate "2015.??.??"]

1. b3 e5 2. Bb2 d6 3. e4 Nf6 4. Nc3 Be7 5. Nf3 c6 6. d4 Qc7 7. Qd2 Nbd7 8. Bd3
a6 9. Ne2 O-O 10. Ng3 Re8 11. O-O g6 12. a4 Bf8 13. a5 Bg7 14. Rfe1 exd4 15.
Bxd4 Ne5 16. Qc3 Nxf3+ 17. gxf3 Qe7 18. e5 Nd5 19. exd6 Nxc3 20. Rxe7 Rxe7 21.
dxe7 Be6 22. Bxg7 Kxg7 23. Ne4 Nxe4 24. fxe4 Re8 25. f4 Rxe7 26. Kf2 Bd7 27.
Ra4 f6 28. h4 h6 29. Rd4 Be8 30. Rd8 g5 31. hxg5 hxg5 32. Ke3 Kf8 33. f5 Rd7
34. Rxd7 Bxd7 35. e5 fxe5 36. Ke4 Be8 37. Kxe5 g4 38. Kf4 Ke7 39. Kxg4 Kf6 40.
Kf4 Bd7 41. b4 Bc8 42. Be4 Bd7 43. c3 Bc8 44. c4 Bd7 45. b5 cxb5 46. cxb5 Bxb5
47. Bxb7 Bd7 48. Be4 Bc8 49. Bd3 Bd7 50. Bxa6 Bxf5 51. Bf1 Bc8 52. Ke4 Bb7+ 53.
Kd4 Ke6 54. Kc5 Kd7 55. Kb6 Kc8 56. Ka7 Kc7 1/2-1/2

[Event "SR 1. liga zapad 2015/2016"]
[Site "?"]
[Date "2015.10.25"]
[Round "2.3"]
[White "Hanko, Pavol"]
[Black "Jakubek, Peter"]
[Result "1/2-1/2"]
[WhiteElo "2144"]
[BlackElo "2192"]
[PlyCount "91"]
[EventDate "2015.??.??"]

1. d4 d5 2. Nf3 Nf6 3. c4 c6 4. Nc3 dxc4 5. e4 b5 6. e5 Nd5 7. a4 e6 8. Ng5 Be7
9. Qh5 g6 10. Qg4 h5 11. Qh4 Nb4 12. Kd1 Nd7 13. Bd2 Rb8 14. axb5 cxb5 15. Rxa7
Nc6 16. Ra1 Nxd4 17. Qxd4 Bxg5 18. Bxg5 Qxg5 19. f4 Qd8 20. Ne4 O-O 21. Nd6 Qb6
22. Qxb6 Rxb6 23. Ra7 Nb8 24. g4 hxg4 25. h3 g3 26. Rg1 Ba6 27. Rxg3 Nc6 28.
Rc7 Nd4 29. h4 Nf5 30. Nxf5 exf5 31. h5 Bb7 32. hxg6 fxg6 33. e6 Rd6+ 34. Kc1
Rxe6 35. Rxb7 Re1+ 36. Kd2 Rxf1 37. Rxg6+ Kh8 38. Rh6+ Kg8 39. Rg6+ Kh8 40.
Rh6+ Kg8 41. Rh4 Rf2+ 42. Kc3 Rf3+ 43. Kd4 Rb3 44. Rhh7 Re8 45. Rbg7+ Kf8 46.
Rf7+ 1/2-1/2

[Event "SR 1. liga zapad 2015/2016"]
[Site "?"]
[Date "2015.10.25"]
[Round "2.3"]
[White "Obona, Jan"]
[Black "Lakatos, Vladimir"]
[Result "1/2-1/2"]
[WhiteElo "2215"]
[BlackElo "2067"]
[PlyCount "29"]
[EventDate "2015.??.??"]

1. Nf3 c5 2. g3 Nf6 3. Bg2 d5 4. d4 Nc6 5. O-O e6 6. c4 dxc4 7. Qa4 Bd7 8. Qxc4
cxd4 9. Nxd4 Rc8 10. Nxc6 Bxc6 11. Bxc6+ Rxc6 12. Qb3 Qc8 13. Be3 a6 14. Nc3
Be7 15. Rac1 1/2-1/2

[Event "SR 1. liga zapad 2015/2016"]
[Site "?"]
[Date "2015.10.25"]
[Round "2.3"]
[White "Huba, Martin"]
[Black "Kukucka, Matej"]
[Result "1/2-1/2"]
[WhiteElo "2165"]
[BlackElo "2117"]
[PlyCount "98"]
[EventDate "2015.??.??"]

1. e4 c5 2. Nf3 Nc6 3. d4 cxd4 4. Nxd4 e5 5. Nb5 d6 6. N1c3 a6 7. Na3 b5 8. Nd5
Nce7 9. c4 Nxd5 10. Qxd5 Be6 11. Qd1 b4 12. Qa4+ Bd7 13. Qxb4 d5 14. Qc3 d4 15.
Qg3 Qb8 16. Bd3 Bb4+ 17. Ke2 Kf8 18. Nc2 Bd6 19. Rf1 Nf6 20. Rb1 h5 21. h4 Be6
22. b3 Nd7 23. f4 Bg4+ 24. Ke1 Nc5 25. f5 Qb7 26. Ba3 Nxd3+ 27. Qxd3 Bxa3 28.
b4 a5 29. Nxa3 axb4 30. Nc2 Qe7 31. g3 Rxa2 32. Rxb4 Kg8 33. Qb3 Ra8 34. Rb7
Qc5 35. Rb5 Qc7 36. Kd2 Rh6 37. Rb1 Rha6 38. c5 d3 39. Rb7 Qa5+ 40. Nb4 Rf6 41.
c6 Rc8 42. Rc1 Kh7 43. Kxd3 Rd6+ 44. Ke3 Rd4 45. c7 Rd7 46. Qc3 Qa8 47. Qc6
Qa3+ 48. Qc3 Qa8 49. Qc6 Qa3+ 1/2-1/2

[Event "SR 1. liga zapad 2015/2016"]
[Site "?"]
[Date "2015.10.25"]
[Round "2.3"]
[White "Chovanec, Milan"]
[Black "Detko, Jan"]
[Result "1-0"]
[WhiteElo "2129"]
[BlackElo "2139"]
[PlyCount "73"]
[EventDate "2015.??.??"]

1. e4 d6 2. d4 Nf6 3. Nc3 c6 4. Nf3 Bg4 5. Be2 e6 6. Be3 Be7 7. O-O O-O 8. Nd2
Bxe2 9. Qxe2 d5 10. f3 a5 11. Rae1 b5 12. Nd1 Qb6 13. e5 Nfd7 14. f4 c5 15. c3
cxd4 16. Bxd4 Bc5 17. Nf3 Nc6 18. Qe3 Rfe8 19. Nf2 Bxd4 20. cxd4 Nb4 21. Qb3
Rac8 22. Rc1 Rc4 23. a3 a4 24. Qd1 Nc6 25. Rxc4 bxc4 26. Qxa4 Rb8 27. Rd1 Nf8
28. Rd2 Na5 29. Qc2 Nb3 30. Rd1 g6 31. Ng4 Kg7 32. Nf6 Qa7 33. Qf2 Nd7 34. Qh4
h6 35. Ng4 h5 36. Qe7 Rb7 37. Ng5 1-0

[Event "SR 1. liga zapad 2015/2016"]
[Site "?"]
[Date "2015.10.25"]
[Round "2.3"]
[White "Reisel, Frantisek"]
[Black "Capak, Stefan"]
[Result "1/2-1/2"]
[WhiteElo "2060"]
[BlackElo "2034"]
[PlyCount "50"]
[EventDate "2015.??.??"]

1. d4 d5 2. Nf3 Nf6 3. c4 e6 4. Nc3 Be7 5. Bg5 Nbd7 6. e3 O-O 7. Be2 c6 8. O-O
dxc4 9. Bxc4 Nd5 10. Bxe7 Qxe7 11. Rc1 Nxc3 12. Rxc3 e5 13. dxe5 Nxe5 14. Nxe5
Qxe5 15. Qb3 Qe7 16. Rd1 Bf5 17. Re1 Rad8 18. e4 Bc8 19. Rce3 b6 20. Qc3 Be6
21. Rg3 g6 22. Bd3 c5 23. a3 Qd6 24. Rge3 Qd4 25. Qc2 c4 1/2-1/2

[Event "SR 1. liga zapad 2015/2016"]
[Site "?"]
[Date "2015.10.25"]
[Round "2.3"]
[White "Belak, Stefan"]
[Black "Gunis, Juraj"]
[Result "1/2-1/2"]
[WhiteElo "1963"]
[BlackElo "2053"]
[PlyCount "114"]
[EventDate "2015.??.??"]

1. c4 Nf6 2. g3 g6 3. Bg2 Bg7 4. Nc3 O-O 5. e4 d6 6. Nge2 Nc6 7. O-O e5 8. d3
a6 9. h3 Rb8 10. a4 Nd7 11. Rb1 a5 12. Be3 Re8 13. Qd2 Nc5 14. b3 Ne6 15. Nd5
Ncd4 16. Bxd4 exd4 17. Qxa5 b6 18. Qd2 h5 19. f4 f5 20. Kh2 Nc5 21. e5 dxe5 22.
fxe5 Bxe5 23. Qh6 Bg7 24. Qd2 Qd6 25. b4 Ne6 26. c5 Qd8 27. c6 Kh7 28. Rbe1 Qd6
29. Nef4 Be5 30. Re2 Nd8 31. b5 Nf7 32. h4 Be6 33. Qe1 Rbd8 34. Rxe5 Nxe5 35.
Nf6+ Kh6 36. Nxe8 Ng4+ 37. Kg1 Rxe8 38. Bf3 Ne3 39. Rf2 Bb3 40. a5 bxa5 41.
Qxa5 Ng4 42. Rb2 Re3 43. Kg2 Qc5 44. Qa8 Kg7 45. Qd8 Qc3 46. Qxc7+ Bf7 47. Re2
Rxe2+ 48. Bxe2 Qe1 49. Bxg4 hxg4 50. Qd6 Qd2+ 51. Kg1 Qe3+ 52. Kg2 Qd2+ 53. Kf1
Qd1+ 54. Kg2 Qf3+ 55. Kh2 Qf2+ 56. Kh1 Qf1+ 57. Kh2 Qf2+ 1/2-1/2

[Event "SR 1. liga zapad 2015/2016"]
[Site "?"]
[Date "2015.10.25"]
[Round "2.3"]
[White "Cabala, Nathan"]
[Black "Gombar, Peter"]
[Result "1/2-1/2"]
[WhiteElo "1735"]
[BlackElo "1975"]
[PlyCount "52"]
[EventDate "2015.??.??"]

1. e4 e6 2. d4 d5 3. exd5 exd5 4. Bd3 Nf6 5. Bg5 Be7 6. Nf3 Bg4 7. Nbd2 O-O 8.
O-O Nbd7 9. c3 c5 10. Qc2 c4 11. Bf5 g6 12. Bxg4 Nxg4 13. Bxe7 Qxe7 14. Rfe1
Qd6 15. h3 Ngf6 16. Ne5 Nh5 17. Nxd7 Qxd7 18. Nf3 f6 19. Qd2 Rae8 20. Kf1 Rxe1+
21. Rxe1 Re8 22. Rxe8+ Qxe8 23. Qe3 Ng3+ 24. Ke1 Qxe3+ 25. fxe3 Ne4 26. Nd2 Nd6
1/2-1/2

[Event "SR 1. liga zapad 2015/2016"]
[Site "?"]
[Date "2015.10.25"]
[Round "2.4"]
[White "Borik, Juraj"]
[Black "Sipos, Istvan"]
[Result "0-1"]
[WhiteElo "2166"]
[BlackElo "2492"]
[PlyCount "52"]
[EventDate "2015.??.??"]

1. Nf3 d5 2. d4 Bf5 3. c4 e6 4. Nc3 Nf6 5. Bf4 dxc4 6. Qa4+ c6 7. Qxc4 Nbd7 8.
Qb3 Qb6 9. Nd2 Nd5 10. Bg3 Qxb3 11. axb3 Bb4 12. Rc1 Nxc3 13. bxc3 Ba3 14. Rd1
Bb2 15. e4 Bg6 16. Nb1 Bxe4 17. Kd2 a5 18. Bd6 a4 19. bxa4 Nb6 20. a5 Na4 21.
Bb4 O-O-O 22. a6 c5 23. axb7+ Kxb7 24. Bb5 cxb4 25. cxb4 Bxb1 26. Rxb1 Nc3 0-1